[Event "AUT-ch U18 Online Rapid"]
[Site "Playchess.com INT"]
[Date "2020.12.13"]
[Round "2"]
[White "Moser, Nicolas"]
[Black "Schroettner, Tobias Julian"]
[Result "1-0"]
[WhiteElo "1624"]
[BlackElo "1607"]
[PlyCount "153"]
[EventDate "2020.12.13"]
[EventType "swiss (rapid)"]
[EventRounds "7"]
[EventCountry "AUT"]
[SourceTitle "EXT 2022"]
[Source "ChessBase"]
[SourceDate "2021.10.06"]
[SourceVersion "1"]
[SourceVersionDate "2021.10.06"]
[SourceQuality "1"]

1. e4 c6 2. d4 d5 3. exd5 cxd5 4. Bd3 Nc6 5. c3 Nf6 6. Bf4 e6 7. Nd2 Be7 8. h3 a6 9. a4 Bd7 10. Ngf3 0-0 11. 0-0 a5 12. Ne5 Rc8 13. Ndf3 Nxe5 14. Nxe5 Bc6 15. Bb1 Qb6 16. Qc2 g6 17. h4 Nd7 18. h5 Nxe5 19. Bxe5 f5 20. Qd2 Bf6 21. hxg6 hxg6 22. Qh6 Bxe5 23. dxe5 Be8 24. Qd2 Rc7 25. g3 Bc6 26. Ra2 Rh7 27. Qd4 Qxd4 28. cxd4 Kg7 29. Kg2 Rfh8 30. Kf3 g5 31. Bd3 g4+ 32. Ke3 Rc8 33. b3 Rh3 34. Rc1 Rhh8 35. Rac2 Rc7 36. Bb5 Rhc8 37. Bxc6 Rxc6 38. Rxc6 Rxc6 39. Rxc6 bxc6 40. Kd3 Kg6 41. Kc3 Kg5 42. b4 axb4+ 43. Kxb4 f4 44. a5 Kf5 45. a6 Ke4 46. a7 fxg3 47. fxg3 Kf3 48. a8Q Kxg3 49. Qa3+ Kh2 50. Qb2+ Kh3 51. Qc1 g3 52. Qg1 Kg4 53. Kc3 Kf4 54. Kd3 Kf3 55. Kd2 Kf4 56. Ke2 Ke4 57. Kf1 g2+ 58. Kxg2 Kd3 59. Kf3 Kc4 60. Ke2 Kc3 61. Qe3+ Kc4 62. Kd2 Kb4 63. Kc2 Kb5 64. Kb3 Ka5 65. Qc3+ Kb6 66. Qc5+ Kc7 67. Ka4 Kb7 68. Ka5 Kc7 69. Ka6 Kb8 70. Qd6+ Kc8 71. Qxc6+ Kd8 72. Qd6+ Kc8 73. Qxe6+ Kc7 74. Qxd5 Kb8 75. Qd6+ Kc8 76. Qe7 Kb8 77. Qb7# 1-0

[Event "AUT-ch U18 Online Blitz"]
[Site "Playchess.com INT"]
[Date "2020.12.11"]
[Round "1"]
[White "Schroettner, Tobias Julian"]
[Black "Pernerstorfer, Max"]
[Result "0-1"]
[WhiteElo "1645"]
[BlackElo "1846"]
[PlyCount "82"]
[EventDate "2020.12.11"]
[EventType "swiss (blitz)"]
[EventRounds "7"]
[EventCountry "AUT"]
[SourceTitle "EXT 2022"]
[Source "ChessBase"]
[SourceDate "2021.10.06"]
[SourceVersion "1"]
[SourceVersionDate "2021.10.06"]
[SourceQuality "1"]

1. e4 e5 2. Nf3 Nc6 3. d4 exd4 4. Nxd4 Bc5 5. Be3 Qf6 6. Nb5 Bxe3 7. fxe3 Qh4+ 8. g3 Qd8 9. Qg4 g5 10. Bc4 Ne5 11. Qe2 a6 12. Nd4 d6 13. Nd2 Nf6 14. h3 Qe7 15. 0-0-0 Bd7 16. Nf5 Bxf5 17. exf5 0-0-0 18. g4 d5 19. Bb3 Qb4 20. Nf3 Rhe8 21. Rd4 Qc5 22. Rhd1 Nc6 23. R4d3 h6 24. Nd4 Re4 25. Nxc6 bxc6 26. Rc3 Qb6 27. Qd2 Rde8 28. Re1 d4 29. Rc4 dxe3 30. Qc3 Nd5 31. Qd3 Rxc4 32. Bxc4 Nf4 33. Bxa6+ Kb8 34. Qa3 e2 35. Bd3 Qe3+ 36. Kb1 Qd2 37. Qb3+ Kc8 38. Ba6+ Kd7 39. Qxf7+ Re7 40. Rc1 Qxc1+ 41. Kxc1 e1Q# 0-1

[Event "AUT-ch Vor4 Internet"]
[Site "Playchess.com INT"]
[Date "2020.04.25"]
[Round "9"]
[White "Neuschmied, Siegfried"]
[Black "Schroettner, Tobias Julian"]
[Result "1-0"]
[WhiteElo "2268"]
[BlackElo "1503"]
[PlyCount "157"]
[EventDate "2020.04.25"]
[EventType "swiss (blitz)"]
[EventRounds "9"]
[EventCountry "AUT"]
[SourceTitle "EXT 2021"]
[Source "ChessBase"]
[SourceDate "2020.10.23"]
[SourceVersion "1"]
[SourceVersionDate "2020.10.23"]
[SourceQuality "1"]

1. e4 c6 2. d4 d5 3. exd5 cxd5 4. Bd3 Nc6 5. c3 Nf6 6. h3 e6 7. Nf3 Be7 8. 0-0 Qc7 9. Re1 0-0 10. Bg5 Bd7 11. Nbd2 h6 12. Bh4 Rae8 13. Rc1 Qb6 14. Rb1 Qa5 15. a3 Qd8 16. Qe2 Nh7 17. Bg3 Ng5 18. Ne5 Nxe5 19. dxe5 Bc5 20. Kh2 Bc6 21. Nb3 Be7 22. Nd4 Qc7 23. f4 Nh7 24. Bc2 g6 25. Qd3 Rc8 26. Nxe6 Qb6 27. Nxf8 Rxf8 28. f5 Bb5 29. Qe3 Qc6 30. fxg6 fxg6 31. Qxh6 Bg5 32. Qxg6+ Qxg6 33. Bxg6 Kg7 34. Bxh7 Kxh7 35. e6 Re8 36. Rbd1 Bc4 37. Bd6 Kg6 38. g3 Kf6 39. h4 Bh6 40. Be5+ Kg6 41. Bf4 Bg7 42. g4 a6 43. Kg3 Bf8 44. h5+ Kg7 45. g5 Bc5 46. Kg4 Bb6 47. Be5+ Kg8 48. Bf6 d4 49. Bxd4 Bxe6+ 50. Kh4 Bc7 51. Re2 Bf7 52. Rxe8+ Bxe8 53. Re1 Bc6 54. Re7 Bf4 55. g6 Bc1 56. Rg7+ Kf8 57. Rh7 Bd5 58. Rh8+ Bg8 59. Bc5+ Kg7 60. Bd4+ Kf8 61. h6 Bxh6 62. Rxh6 Ke7 63. Rh8 Be6 64. g7 Kd6 65. g8Q Bxg8 66. Rxg8 Kc6 67. Kg4 b5 68. Kf4 Kd5 69. Rg5+ Kc4 70. Rg6 Kb3 71. Rxa6 Kxb2 72. Rb6 Kb3 73. Rxb5+ Kxa3 74. Ke5 Ka4 75. Rb4+ Ka5 76. Kd5 Ka6 77. Kc6 Ka5 78. Be3 Ka6 79. Ra4# 1-0

[Event "AUT-ch Vor4 Internet"]
[Site "Playchess.com INT"]
[Date "2020.04.25"]
[Round "6"]
[White "Schroettner, Tobias Julian"]
[Black "Soelkner, Julian"]
[Result "1-0"]
[WhiteElo "1503"]
[BlackElo "1484"]
[PlyCount "117"]
[EventDate "2020.04.25"]
[EventType "swiss (blitz)"]
[EventRounds "9"]
[EventCountry "AUT"]
[SourceTitle "EXT 2021"]
[Source "ChessBase"]
[SourceDate "2020.10.23"]
[SourceVersion "1"]
[SourceVersionDate "2020.10.23"]
[SourceQuality "1"]

1. e4 e5 2. Nf3 Nf6 3. Nxe5 Qe7 4. d4 d6 5. Nf3 Nxe4 6. Qe2 Nf6 7. Bg5 Qxe2+ 8. Bxe2 Be7 9. Nbd2 0-0 10. 0-0-0 h6 11. Bh4 Bf5 12. Rde1 Nc6 13. Bb5 Rfe8 14. Bxf6 Bxf6 15. d5 Rxe1+ 16. Rxe1 Ne5 17. Nxe5 Bxe5 18. g3 a6 19. Ba4 b5 20. Bb3 Bd4 21. f4 a5 22. c3 Bf6 23. Bc2 Bxc2 24. Kxc2 b4 25. Ne4 Bd8 26. cxb4 axb4 27. Kb3 f5 28. Nd2 Bf6 29. Nc4 Kf7 30. Ra1 Rb8 31. Na5 Rb5 32. Nc6 Rxd5 33. Nxb4 Rd2 34. Nc2 Rxh2 35. a4 Rg2 36. a5 Rxg3+ 37. Kc4 d5+ 38. Kxd5 Rd3+ 39. Kc6 Bxb2 40. Ra2 Rc3+ 41. Kb7 Rxc2 42. a6 Rc4 43. Rxb2 Rxf4 44. a7 Ra4 45. Rc2 Kg6 46. Rxc7 Kf6 47. Rc6+ Kg5 48. Ra6 Rb4+ 49. Kc6 Rc4+ 50. Kd7 Rd4+ 51. Ke7 Re4+ 52. Kf7 Rc4 53. a8Q Rc7+ 54. Ke6 Rc4 55. Qg2+ Rg4 56. Qd2+ Kh5 57. Kf7 g5 58. Kg7 Kh4 59. Qh2# 1-0

[Event "AUT-ch Vor3 Internet"]
[Site "Playchess.com INT"]
[Date "2020.04.17"]
[Round "8"]
[White "Knoll, Martin"]
[Black "Schroettner, Tobias Julian"]
[Result "1/2-1/2"]
[WhiteElo "2018"]
[BlackElo "1503"]
[PlyCount "164"]
[EventDate "2020.04.17"]
[EventType "swiss (blitz)"]
[EventRounds "9"]
[EventCountry "AUT"]
[SourceTitle "CBM 195 Extra"]
[Source "ChessBase"]
[SourceDate "2020.05.31"]
[SourceVersion "1"]
[SourceVersionDate "2020.05.31"]
[SourceQuality "1"]

1. d4 Nf6 2. Nc3 d6 3. e4 g6 4. f4 Bg7 5. Nf3 Nc6 6. Bc4 Na5 7. Bd3 Nc6 8. 0-0 Bg4 9. Be3 Nd7 10. Bc4 Nb6 11. Be2 0-0 12. h3 Bxf3 13. Bxf3 Nc4 14. Bf2 e6 15. Rb1 Rb8 16. Qd3 Nb6 17. g4 Nb4 18. Qe2 Nc6 19. Qd2 f5 20. g5 e5 21. d5 Ne7 22. fxe5 Bxe5 23. exf5 Nxf5 24. Bg4 Nc4 25. Qd3 Qxg5 26. Qxc4 h5 27. Ne4 Qf4 28. Nf6+ Rxf6 29. Qxf4 Bxf4 30. Be2 Rbf8 31. Bd3 Ne3 32. Bxe3 Bxe3+ 33. Kg2 Rxf1 34. Rxf1 Rxf1 35. Kxf1 g5 36. Kg2 h4 37. Kf3 Bf4 38. Kg4 Kg7 39. Kf5 Kf7 40. c4 b6 41. Be2 a5 42. Bg4 Be3 43. Bh5+ Ke7 44. Kg6 Bf4 45. Bg4 Be3 46. Be6 Bf4 47. Kf5 Bd2 48. Ke4 Bf4 49. Kd3 Kf6 50. Kc3 Be5+ 51. Kb3 Bd4 52. Ka3 Ke5 53. b4 Bc3 54. bxa5 Bxa5 55. Ka4 Kd4 56. Kb5 Bc3 57. Bg4 Bd2 58. Be2 Ke3 59. Bg4 Kd4 60. a4 Ba5 61. Be6 Kc3 62. Kc6 Kxc4 63. Kxc7 Bb4 64. Kxb6 Bc5+ 65. Kb7 Kb4 66. Bd7 Kc4 67. a5 Kxd5 68. a6 Ke5 69. Kc6 Bf2 70. Bg4 d5 71. Kb5 Ba7 72. Kb4 d4 73. Kc4 Kd6 74. Kd3 Kc5 75. Ke4 Kb6 76. Be2 Bb8 77. Kxd4 Bf4 78. Ke4 Ka7 79. Kd5 Bc1 80. Kc6 Bf4 81. Bg4 Bc1 82. Bc8 Bf4 1/2-1/2

[Event "AUT-ch Vor3 Internet"]
[Site "Playchess.com INT"]
[Date "2020.04.17"]
[Round "6"]
[White "Lerch, Johannes"]
[Black "Schroettner, Tobias Julian"]
[Result "1-0"]
[WhiteElo "2005"]
[BlackElo "1503"]
[PlyCount "115"]
[EventDate "2020.04.17"]
[EventType "swiss (blitz)"]
[EventRounds "9"]
[EventCountry "AUT"]
[SourceTitle "CBM 195 Extra"]
[Source "ChessBase"]
[SourceDate "2020.05.31"]
[SourceVersion "1"]
[SourceVersionDate "2020.05.31"]
[SourceQuality "1"]

1. e4 c6 2. Nc3 d5 3. Nf3 dxe4 4. Nxe4 Nf6 5. Qe2 Nxe4 6. Qxe4 Nd7 7. Bc4 e6 8. d4 Nf6 9. Qe2 Be7 10. 0-0 b5 11. Bd3 Bb7 12. c3 0-0 13. h3 a6 14. Be3 Nd5 15. Rad1 Qc7 16. Rfe1 Nf4 17. Bxf4 Qxf4 18. Qe4 Qxe4 19. Bxe4 Rab8 20. Ne5 c5 21. Nd7 Rfd8 22. Nxb8 Bxe4 23. Rxe4 Rxb8 24. dxc5 Bxc5 25. Re2 Kf8 26. Red2 Ke8 27. Kf1 Rb7 28. Ke2 Ke7 29. f3 Bb6 30. Rd3 Bc5 31. g4 Rb8 32. Rd7+ Kf6 33. f4 h5 34. Rc7 Bb6 35. Rc6 a5 36. Rdd6 Bd8 37. f5 Be7 38. Rd3 hxg4 39. hxg4 Ke5 40. fxe6 fxe6 41. Re3+ Kd5 42. Rcxe6 Bf6 43. Re8 Rb7 44. Kd3 Rd7 45. Kc2 Kc6 46. R8e6+ Kb7 47. Rg3 Bg5 48. Rg2 a4 49. Rg6 Bf6 50. g5 Be5 51. Re6 Bc7 52. g6 Bd8 53. Rf2 Bf6 54. Rexf6 gxf6 55. Rxf6 Kc8 56. Rf7 Rd8 57. g7 Rg8 58. Rf8+ 1-0

[Event "AUT-ch Vor3 Internet"]
[Site "Playchess.com INT"]
[Date "2020.04.17"]
[Round "3"]
[White "Riemelmoser, Stefan"]
[Black "Schroettner, Tobias Julian"]
[Result "1-0"]
[WhiteElo "2046"]
[BlackElo "1503"]
[PlyCount "187"]
[EventDate "2020.04.17"]
[EventType "swiss (blitz)"]
[EventRounds "9"]
[EventCountry "AUT"]
[SourceTitle "CBM 195 Extra"]
[Source "ChessBase"]
[SourceDate "2020.05.31"]
[SourceVersion "1"]
[SourceVersionDate "2020.05.31"]
[SourceQuality "1"]

1. e4 c6 2. d4 d5 3. exd5 cxd5 4. c4 Nf6 5. Nc3 Nc6 6. Nf3 Bg4 7. cxd5 Nxd5 8. Qb3 Bxf3 9. gxf3 Qb6 10. Nxd5 Qxb3 11. axb3 0-0-0 12. Bc4 e6 13. Ne3 a6 14. Nc2 Nxd4 15. Nxd4 Rxd4 16. 0-0 Be7 17. Be3 Rd7 18. Rfd1 Rhd8 19. Rxd7 Rxd7 20. Rc1 Kd8 21. Kf1 b5 22. Be2 Bf6 23. Rc2 Ke7 24. b4 Ke8 25. Rc8+ Rd8 26. Rxd8+ Bxd8 27. Bd4 g6 28. f4 Kd7 29. Bf3 Kc7 30. Ke2 Be7 31. Bc3 Kb6 32. Ke3 Kc7 33. Kd4 Bh4 34. Ke5 Kd7 35. Bd4 f6+ 36. Ke4 f5+ 37. Ke5 Be7 38. Bc5 Bd8 39. Kd4 Bc7 40. Ke3 Bd8 41. Bb7 a5 42. Ba6 Kc6 43. Bc8 axb4 44. Bxb4 Bb6+ 45. Kf3 Kd5 46. Bb7+ Kc4 47. Bc3 b4 48. Be5 Bd8 49. Ba6+ Kc5 50. Kg3 Kd5 51. Kf3 Kc5 52. Ke3 Kd5 53. Be2 Bb6+ 54. Kf3 Kc6 55. Bc4 Kd7 56. Bb5+ Ke7 57. Kg3 Kf7 58. Bd6 Kf6 59. Bxb4 Bc7 60. Bc3+ Kf7 61. Bc4 g5 62. Be5 gxf4+ 63. Bxf4 Bb6 64. Be3 Bc7+ 65. Kf3 Kf6 66. Bf4 e5 67. Bg3 Kg5 68. Ke2 f4 69. h4+ Kg4 70. Bh2 Kxh4 71. f3 Kg5 72. Bg1 h5 73. b4 h4 74. Kf1 h3 75. b5 Bb8 76. Bf2 Kf5 77. Bd3+ Kg5 78. Kg1 Kf6 79. Kh2 Ke6 80. Kxh3 Kd5 81. Be4+ Kd6 82. Kg4 Ke6 83. Kg5 Bd6 84. Kg6 Kd7 85. Kf6 Bb8 86. Kf5 Kc8 87. Ke6 Kd8 88. Bc5 Kc8 89. Bd6 Ba7 90. Bxe5 Be3 91. Kf5 Kd7 92. Bxf4 Bxf4 93. Kxf4 Kc7 94. Bc6 1-0

[Event "AUT-ch Vor2 Internet"]
[Site "Playchess.com INT"]
[Date "2020.04.13"]
[Round "3"]
[White "Hochwarter, Martin"]
[Black "Schroettner, Tobias Julian"]
[Result "1-0"]
[WhiteElo "1932"]
[BlackElo "1503"]
[PlyCount "45"]
[EventDate "2020.04.13"]
[EventType "swiss (blitz)"]
[EventRounds "9"]
[EventCountry "AUT"]
[SourceTitle "CBM 195 Extra"]
[Source "ChessBase"]
[SourceDate "2020.05.31"]
[SourceVersion "1"]
[SourceVersionDate "2020.05.31"]
[SourceQuality "1"]

1. d4 Nf6 2. c4 g6 3. Nc3 Bg7 4. e4 d6 5. f3 Nc6 6. Be3 e5 7. d5 Ne7 8. Nge2 Bd7 9. g4 h6 10. Qd2 Qb8 11. Ng3 c5 12. dxc6 bxc6 13. 0-0-0 d5 14. cxd5 cxd5 15. exd5 Nfxd5 16. Nxd5 Nxd5 17. Qxd5 Qc7+ 18. Kb1 Rb8 19. b3 a5 20. Ne4 Be6 21. Qd6 Qc8 22. Bc5 Bf8 23. Nf6# 1-0